000 00391nam a22001457a 4500
008 240530b ||||| |||| 00| 0 eng d
020 _a9789951775199
041 _aSHQIP
080 _22023
_a159.9
082 _a159.9RUS
100 _a25
101 _aPSI
245 _aZERA TE PA DEGJUAR* Rrefime te burrave mbi tejkalimin e traumes se dhunes seksuale ne lufte
_cQKRMT
942 _2udc
_cBK
999 _c60627
_d60627